000 00754nam a22002657a 4500
003 CHAP
005 20220329135147.0
008 971013s1961 r 00010 d
010 _a31902
011 _a32874
035 _a36989
040 _cCHAP
082 _a631.2
_bN4
100 0 0 _aNeubauer, Loren W.
_980920
245 _aFarm building design
260 _aEnglewood Cliffs, N. J. :
_bPrentice-Hall,
_c1961
300 _a611 p.
_b: ilus.
590 _aBATCH-UPD
_b10
_c20130110
_lUCH01
_h1500
590 _aCONVERSION
_b10
_c20130109
_lUCH01
_h1318
650 1 4 _aConstrucciones rurales.
_927378
700 0 _aWalker, Harry B.
_9120871
901 _aBK
942 _cLIBRO
949 _a631.2 N4
_bBC
_cLIBRO
_d33724000832226
_eLIBRO
_h12194
_i36989
_sb
999 _c31902
_d31902